| 000 | 00450nam a2200181Ia 4500 | ||
|---|---|---|---|
| 001 | 20934 | ||
| 005 | 20260306172842.0 | ||
| 008 | 260306t2013||||xx |||||||||||||| ||spa|| | ||
| 041 | _aESP | ||
| 082 |
_a343.8 _bP28 |
||
| 100 |
_aPatón García, Gemma _eAUT |
||
| 245 | 0 | _aLa aplicación del principio de igualdad tributaria | |
| 260 | _c2013 | ||
| 300 |
_a209 páginas : _c24 cm. |
||
| 650 | _aGEN | ||
| 654 | _aCCO | ||
| 942 |
_cLIB _dJUS _fJUS _2ddc _n |
||
| 999 |
_c20934 _d20934 |
||